Readings in world history /

محفوظ في:

المؤلف الرئيسي: McNeill, William Hardy, 1917-2016 (مؤلف)

مؤلفون آخرون: Sedlar, Jean W.

التنسيق: كتاب

اللغة: English

منشور في: New York : Oxford University Press, 1968.

الموضوعات:

الوسوم: إضافة وسم

لا توجد وسوم, كن أول من يضع وسما على هذه التسجيلة!

رقم الطلب: D5 .M27 v.2

LEADER 00715namaa2200229 4500
001 21032
003 OSt
005 20251118082445.0
008 130303s1968 nyub b 000 0 eng d
040 |c ARCE Library 
050 4 |a D5 .M27 v.2 
100 1 |a McNeill, William Hardy,  |d 1917-2016,  |e author  |9 35740 
245 1 0 |a Readings in world history /  |c edited by William H. McNeill and Jean W. Sedlar. 
264 1 |a New York :   |b Oxford University Press,   |c 1968. 
300 |a volume <2> :   |b map ;   |c 21 cm. 
504 |a Includes bibliographical footnotes. 
505 1 |a v.2. The ancient Near East. 
650 0 |a History  |v Sources. 
700 1 |a Sedlar, Jean W.  |9 39615 
901 |a reviewed 
942 |c BK  |2 lcc 
999 |c 18286  |d 18286